000 00937nam a2200289Ia 4500
003 OSt
005 20220923213625.0
006 a|||||r|||| 00| 0
007 ta
008 220922b |||||||| |||| 00| 0 hin d
020 _c4
024 _a163,592
037 _cTextual
040 _aARTS
_cARTS
_bhin
041 _2hin
_ahin
082 _aO152,1N11x, L1;L8
100 _aमिश्र, विद्यानिवास
245 0 _aअज्ञेय
246 _aAjnyeya
250 _aसंस्क 7
260 _aदिल्ली
_b राजपाल एण्ड संस
_c1978
300 _a159 पृ.
_ccm.
490 _aआज के लोकप्रिय हिन्दी कवि; 10
650 _aहिन्दी साहित्य
_9156264
942 _hO152,1N11x, L1;L8
_cTEXL
_2CC
999 _c318072
_d318072